| 000 -ლიდერი |
| ფიქსირებული სიგრძის საკონტროლო ველი |
00813nam a2200229Ia 4500 |
| 001 - საკონტროლო ნომერი |
| საკონტროლო ველი |
14064 |
| 003 - საკონტროლო ნომრის იდენტიფიკატორი |
| საკონტროლო ველი |
GE_BSU |
| 005 - ბოლო ოპერაციის თარიღი და დრო |
| საკონტროლო ველი |
20200205132100.0 |
| 008 - ფიქსირებული სიგრძის მონაცემთა ელემენტები - ზოგადი ინფორმაცია |
| ფიქსირებული სიგრძის საკონტროლო ველი |
181216s1961||||ge |||||||||||||| ||geo|| |
| 040 ## - კატალოგიზაციის წყარო |
| Transcribing agency |
GE_BSU |
| 041 ## - ენის კოდი |
| Language code of text/sound track or separate title |
geo |
| 080 ## - უნივერსალური ათობითი კლასიფიკაციის ინდექსი |
| Universal Decimal Classification number |
821.353.1 გ-85 |
| 100 ## - მთავარი ჩანაწერი - პიროვნების სახელი |
| Personal name |
გრიშაშვილი, იოსებ |
| 9 (RLIN) |
6813 |
| 245 ## - ცნობა სათაურის შესახებ |
| Title |
თხზულებათა კრებული ხუთ ტომად : ტომი 1 : |
| Remainder of title |
ლექსები / |
| Statement of responsibility, etc |
იოსებ გრიშაშვილი. |
| 260 ## - გამოქვეყნების, გავრცელების, და სხვა. ცნობები |
| Place of publication, distribution, etc |
თბილისი |
| 260 ## - გამოქვეყნების, გავრცელების, და სხვა. ცნობები |
| Name of publisher, distributor, etc |
საბჭოთა საქართველო |
| 260 ## - გამოქვეყნების, გავრცელების, და სხვა. ცნობები |
| Date of publication, distribution, etc |
1961 |
| 300 ## - ფიზიკური აღწერა |
| Extent |
405 გვ. ; |
| Dimensions |
22 სმ. |
| 653 ## - INDEX TERM--UNCONTROLLED |
| Uncontrolled term |
თხზულებათა კრებული |
| 653 ## - INDEX TERM--UNCONTROLLED |
| Uncontrolled term |
ლექსები |
| 942 ## - ADDED ENTRY ELEMENTS (KOHA) |
| Koha item type |
წიგნი |
| Source of classification or shelving scheme |
|